00245nam a2200097Ia 4500008004100000100002100041245004700062260002200109300000800131650000800139191201s2008 xx 000 0 und d aBHATT, Sudhindra 0aSecurity Analysis and Portfolio Management bExcel Booksc2008 a682 aMBA